Oceanic Feeling - Lorde (All Lyrics) - Statistics

General Stats
  • This quiz has been taken 35 times
  • The average score is 182 of 308
Answer Stats
Hint Answer % Correct
a
100%
I
100%
it
100%
blue
94%
could
94%
day
94%
Intro It's
94%
it's
94%
jump
94%
the
94%
We
94%
an
88%
And
88%
and
88%
go
88%
my
88%
My
88%
fishing
82%
x2 he
82%
x2 was
82%
you
82%
about
76%
big
76%
x2 boy
76%
boy,
76%
brother,
76%
me
76%
so
76%
this
76%
water
76%
When
76%
when
76%
be
71%
Bulli
71%
father
71%
for
71%
hear
71%
in
71%
Verse4 In
71%
x4 in)
71%
On
71%
one
71%
see
71%
that
71%
think
71%
under
71%
your
71%
you're
71%
all
65%
angel
65%
But
65%
but
65%
catch
65%
hit
65%
Verse2 Little
65%
No,
65%
Outro | Verse3 | x2 Oh,
65%
skin
65%
x2 sun
65%
thing
65%
time
65%
x2 (Time)
65%
will
65%
Will
65%
Can
59%
can
59%
daughter
59%
Doin'
59%
Grateful
59%
holds
59%
levitate
59%
livin'
59%
off
59%
same
59%
she
59%
things
59%
chain
53%
know
53%
offering
53%
silver
53%
You'll
53%
you'll
53%
Ah
47%
at
47%
Baby
47%
Don't
47%
don't
47%
flipping
47%
x2 girl?
47%
have
47%
her
47%
I'm
47%
kick
47%
mother
47%
Or
47%
or
47%
peak?
47%
waist
47%
widow's
47%
cool
41%
how,
41%
scared,
41%
super
41%
cherry
35%
disposition
35%
drawer
35%
dreamer's
35%
dust
35%
found?
35%
If
35%
is
35%
like
35%
look,
35%
look
35%
make
35%
revealed
35%
shimmerin'
35%
show
35%
Verse1 Slidin'
35%
sound?
35%
takin'
35%
to
35%
To
35%
tryin',
35%
year
35%
anything
29%
beach,
29%
black
29%
brought
29%
buildin'
29%
future
29%
higher
29%
just
29%
knife
29%
lover?
29%
need
29%
x4 out)
29%
split
29%
(Use
29%
waves
29%
wood
29%
anymore
24%
around?
24%
breathe
24%
x4 (Breathe
24%
by
24%
'Cause
24%
enlightenment
24%
gathering
24%
got
24%
I'll
24%
into
24%
laugh
24%
lipstick's
24%
now
24%
Refrain Now
24%
power
24%
pyre
24%
step
24%
tide)
24%
tune
24%
x4 (Tune
24%
with
24%
are
18%
choir
18%
cicadas
18%
down
18%
Every
18%
real
18%
stars
18%
summer
18%
take
18%
bay
12%
had
12%
rays
12%
streak?
12%
tab
12%
wicked
12%
body
6%
Brain
6%
cloudy
6%
hot,
6%
never
6%
robes
6%
No matching quizzes found
Score Distribution
Percent of People with Each Score
Percentile by Number Answered
Your Score History
You have not taken this quiz